Святогірська Свято-Успенська лавра. (Запис № 17427)
[ простий вигляд ]
| 000 -Маркер запису | |
|---|---|
| Контрольне поле сталої довжини | 02269nam a22002657a 4500 |
| 003 - Належність контрольного номера | |
| Контрольне поле | Uzh_bibl |
| 008 - Кодовані дані | |
| Контрольне поле сталої довжини | 250401b |||||||| |||| 00| 0 ukr d |
| 020 ## - Індекс ISBN | |
| ISBN | 966-575-076-Х |
| Ціна | 12.77 |
| 040 ## - Джерело каталогіз. | |
| Код мови каталог. | укр. |
| 041 ## - Код мови видання | |
| Код мови оригіналу | українська |
| Код мови тексту | українська |
| 080 ## - Індекс УДК | |
| Індекс УДК | 726.6(477) |
| 090 ## - Шифри | |
| Поличний індекс | 726.6(477) |
| Авторський знак | Д 26 |
| 100 ## - Автор | |
| Автор | Дєдов, Володимир |
| 245 ## - Назва | |
| Назва | Святогірська Свято-Успенська лавра. |
| Відповідальність | Ред. О. Боброва |
| Фізичний носій | Текст |
| 260 ## - Вихідні дані | |
| Місце видання | Київ |
| Видавництво | Техніка |
| Дата видання | 2005 |
| 300 ## - Фізичний опис | |
| Обсяг | 152 с. |
| Ілл./тип відтвор. | Іл. |
| 490 ## - Серія | |
| Назва серії | Національні святині України |
| 520 ## - Анотація | |
| Анотація | Книжка присвячена найвизначнішому монастирському ансамблю Південно-Східної України - Святогірській Свято-Успенській лаврі на Сіверському Дінці, що на Донеччині. Автор на підставі багатьох історичних джерел, архівних матеріалів, результатів науково-дослідних і проектних робіт розкриває етапи формування архітектурного ансамблю Святих Гір, його долю в різні часи історичного минулого України, висвітлює питання відтворення архітектурних пам'яток в умовах діяльності історико-архітектурного заповідника, відновлення монастиря в 90-ті рр. XX ст., його ролі у духовному відродженні України, набуття їм почесного статусу Лаври у 2004 р. Розрахована на широке коло читачів. |
| 521 ## - Примітка про цільове призначення | |
| Примітка про цільове призначення | Для широкого кола читачів |
| 546 ## - Примітка про мову | |
| Примітка про мову | укр. |
| 650 ## - Тематичні рубрики | |
| Основна рубрика | Науково-популярне видання |
| 653 ## - Ключові слова | |
| Ключові слова | Печерський монастир. |
| -- | Історія і архітектура. |
| -- | Гуртожитна пустинь. |
| -- | Втрачені комплекси. |
| 655 ## - Термін індексування — жанр/форма | |
| Жанр/форма | Релігія |
| Типове ділення | Туристичний путівник |
| 942 ## - ADDED ENTRY ELEMENTS (KOHA) | |
| Джерело класифікації чи схема поличного розташування | |
| Koha item type | Книги |
| Статус вилучення | Статус втрати/відсутності | Джерело класифікації чи схема поличного розташування | Статус пошкодження | Тип обігу (не для випозичання) | Постійне розташування | Поточне розташування | Розташування у відділі | Дата надходження | Інвентарний номер | Total Checkouts | Повний (примірниковий) шифр зберігання | Штрих-код | Date last seen | Дата, для якої чинна ціна заміни | Тип одиниці (рівень примірника) |
|---|---|---|---|---|---|---|---|---|---|---|---|---|---|---|---|
| Бібліотека-філія № 1 для дітей | Бібліотека-філія № 1 для дітей | Читальна зала старший відділ | 21/04/2026 | 55197 | 726.6 (477) | 16613 | 21/04/2026 | 21/04/2026 | Книги |